Poland Immigration By Country - Statistics

General Stats
  • This quiz has been taken 22 times
  • The average score is 18 of 25
Answer Stats
Total Country % Correct
22,000 Germany
100%
1,55 mil Ukraine
100%
8,600 United Kingdom
100%
149,300 Belarus
94%
3,450 Czech Republic
89%
28,500 Russia
89%
10,050 Italy
83%
4,200 Lithuania
83%
13,000 United States
83%
10,500 China
78%
7,160 France
78%
26,500 India
78%
9,650 Romania
78%
5,120 Bulgaria
72%
3,000 Hungary
72%
4,500 Serbia
67%
17,450 Turkey
67%
11,950 Moldova
61%
8,900 Brazil
56%
7,300 Kazakhstan
56%
15,100 Vietnam
56%
9,000 Azerbaijan
44%
23,670 Georgia
44%
12,770 Uzbekistan
44%
12,240 Philippines
33%
No matching quizzes found
Score Distribution
Percent of People with Each Score
Percentile by Number Answered
Your Score History
You have not taken this quiz